| 000 | 00778nam a22002177a 4500 | ||
|---|---|---|---|
| 003 | MX-MxUPN | ||
| 005 | 20250411110709.0 | ||
| 008 | 250411s2006 |uk |||fr|||| 000 0 eng d | ||
| 040 |
_aMX-MxUPN _bspa |
||
| 041 | 0 | _aeng | |
| 050 | 4 |
_aLB1727 P35 _bM67 2006 |
|
| 100 | 1 |
_aMorrow, W. E. _956370 |
|
| 100 | 1 |
_aKeevy, James Anthony _956371 |
|
| 245 | 1 | 4 | _aThe recognition of teacher qualifications across Commonwealth member states |
| 260 |
_aLondon, United Kingdom : _bCommonwealth Secretariat, _c2006 |
||
| 300 | _a117 páginas | ||
| 650 | 4 |
_aMaestros _xFormación profesional _zPaíses de la Mancomunidad de Naciones _956368 |
|
| 650 | 4 |
_aCompetencia profesional _zPaíses de la mancomunidad de naciones _956369 |
|
| 902 | _aVíctorGodínez/110425 | ||
| 942 |
_2lcc _cLIBRO |
||
| 999 |
_c213099 _d213099 |
||